000
00213 a2200097 4500
001
14832
100
_a
Tonswi T
245
_a
Iqbal aur suleman Nadvi
260
_a
Lahore
_b
Maktabai Alia
_c
090
_c
11603
_d
11603
942
_a
NUST-CAE
_c
M
_c
1785
999
_c
249905
_d
249905